[Event "Istanbul Bagcilar op"]
[Site "Istanbul"]
[Date "2023.09.03"]
[Round "1"]
[White "Karayayla, Doruk"]
[Black "Coban, Azad"]
[Result "1-0"]
[WhiteElo "1263"]
[BlackElo "1381"]
[PlyCount "39"]
[EventDate "2023.09.03"]
[EventType "swiss"]
[EventRounds "9"]
[EventCountry "TUR"]
[SourceTitle "EXT 2024"]
[Source "ChessBase"]
[SourceDate "2023.10.10"]
[SourceVersion "1"]
[SourceVersionDate "2023.10.10"]
[SourceQuality "1"]

1. e4 c5 2. c3 d5 3. exd5 Qxd5 4. d4 Nc6 5. Nf3 Bg4 6. dxc5 Qxd1+ 7. Kxd1 0-0-0+ 8. Ke1 e5 9. b4 a5 10. b5 e4 11. bxc6 exf3 12. cxb7+ Kxb7 13. Be3 Re8 14. Kd2 Rd8+ 15. Kc1 Nf6 16. Nd2 Nd5 17. Bd4 fxg2 18. Bxg2 Kc8 19. Nc4 Nf4 20. Nb6+ 1-0

[Event "TUR-ch U13/18"]
[Site "Antalya"]
[Date "2023.01.22"]
[Round "1"]
[White "Danaci, Ege"]
[Black "Coban, Azad"]
[Result "1-0"]
[WhiteElo "2088"]
[BlackElo "1417"]
[PlyCount "51"]
[EventDate "2023.01.17"]
[EventType "swiss"]
[EventRounds "10"]
[EventCountry "TUR"]
[SourceTitle "EXT 2024"]
[Source "ChessBase"]
[SourceDate "2023.10.10"]
[SourceVersion "1"]
[SourceVersionDate "2023.10.10"]
[SourceQuality "1"]

1. e4 e5 2. Nf3 Nf6 3. Nxe5 d6 4. Nc4 Nxe4 5. Qe2 Qe7 6. Ne3 Nf6 7. b3 d5 8. Bb2 c6 9. g3 Be6 10. Bg2 g6 11. c4 dxc4 12. bxc4 Bg7 13. 0-0 0-0 14. Ba3 c5 15. d4 Na6 16. Nc3 Nh5 17. Ned5 Qd7 18. dxc5 Rfe8 19. Qc2 Bf5 20. Qb3 Qe6 21. Rad1 Rab8 22. Nb5 Qe2 23. Ne3 Bg4 24. Rfe1 Qxd1 25. Rxd1 Rxe3 26. fxe3 1-0